00258 a2200121 4500001000700000020000600007040001100013100002300024240003900047245003400086300000700120362000900127172862 a  cMagnum aBueno, Maria Celia10aZé caracol dá uma freiadalpor10aZé caracol dá uma freiada a120 a1992